000 00568 a2200145 4500
005 20250602085905.0
020 _a0-7517-1611-1
082 _aLECT 657.3 AAT
111 _aAAT
245 _aTechnician unit 11: Drafting financial statements: for assessment in December 2004 and June 2005.
260 _aLondon,
_bBPP professional education,
_c2004.
300 _axvi, 212p.: ill.; picture, table.
_c30cm.
856 _yAccess online book
_fTechnician unit 11: Drafting financial statements: for assessment in December 2004 and June 2005.
_dwww.bpp.com
942 _2ddc
_cBKS
999 _c2966
_d2966